Πόλεις της σιωπής : εργατικός εποικισμός της Αθήνας και του Πειραιά, 1909-1940

Saved in:
Bibliographic Details
Main Author: Λεοντίδου, Λίλα
Format: Book
Language:Greek
Published: Αθήνα : Πολιτιστικό Τεχνολογικό Ιδρυμα ΕΤΒΑ, c2001.
Edition:2η έκδ.
Subjects:
Tags: Add Tag
No Tags, Be the first to tag this record!

MARC

LEADER 00000cam a2200000 i 4500
001 1/44827
008 950609t2001####gr | ||| |||| ||gre||
020 |a 9602440082 
035 |l 10026037 
040 |a GR-MyUa  |b gre  |e AACR2 
041 0 |a gre 
082 7 |a 307.760949512  |2 (22) 
100 1 |a Λεοντίδου, Λίλα. 
245 1 0 |a Πόλεις της σιωπής :   |b εργατικός εποικισμός της Αθήνας και του Πειραιά, 1909-1940 /   |c Λίλα Λεοντίδου.  
250 |a 2η έκδ.  
260 |a Αθήνα :   |b Πολιτιστικό Τεχνολογικό Ιδρυμα ΕΤΒΑ,   |c c2001.  
300 |a 385 σ. :   |b εικ. ;   |c 24 εκ.  
500 |a Το παράρτημα Σύρου έχει την επανέκδοση του 2001 
500 |a Το παράρτημα Σάμου έχει την 2η έκδοση.  
500 |a Το παράρτημα Λέσβου έχει και την επανάεκδοση του 2001 
504 |a Περιέχει βιβλιογραφικές αναφορές και ευρετήριο.  
650 0 |a Urbanization  |z Greece  |z Athens Metropolitan Area  |x History  |y 20th century. 
650 0 |a Urbanization  |z Greece  |z Piraeus  |x History  |y 20th century. 
650 0 |a Working class  |z Greece  |z Athens Metropolitan Area  |x History  |y 20th century. 
650 0 |a Working class  |z Greece  |z Piraeus  |x History  |y 20th century. 
651 0 |a Athens Metropolitan Area (Greece)  |x Social conditions. 
651 0 |a Piraeus (Greece)  |x Social conditions. 
852 |a INST  |b CHIOS  |e 19971125  |h 938.704 ΛΕΟ  |p 005200010353  |q 005200010353  |t BK  |y 0 
852 |a INST  |b LESVOS  |e 19950609  |h 938.704 ΛΕΟ  |p 005100006230  |q 005100006230  |t BK  |y 0 
852 |a INST  |b LESVOS  |e 19950609  |h 938.704 ΛΕΟ  |p 005100006231  |q 005100006231  |t BK  |y 0 
852 |a INST  |b LESVOS  |e 19990713  |h 938.704 ΛΕΟ  |p 005100019857  |q 005100019857  |t BK  |y 0 
852 |a INST  |b LESVOS  |e 19990713  |h 938.704 ΛΕΟ  |p 005100019858  |q 005100019858  |t BK  |y 0 
852 |a INST  |b LESVOS  |e 19990713  |h 938.704 ΛΕΟ  |p 005100019859  |q 005100019859  |t BK  |y 0 
852 |a INST  |b LESVOS  |e 20110722  |h 938.704 ΛΕΟ  |p 005100049754  |q 005100049754  |t BK  |y 0 
852 |a INST  |b SAMOS  |e 20180309  |h 307.760949512 ΛΕΟ  |p 005300045312  |q 005300045312  |t BK  |y 0 
852 |a INST  |b SYROS  |e 20110513  |h 307.760949512 ΛΕΟ  |p 005500009153  |q 005500009153  |t BK  |y 0 
901 |a BIBL5-2011-2 
901 |a BIBL-1997-3 
920 |a ΕΥΔΟΞΟΣ  |y Λέσβος  |z 2011-22 
922 |a 1ΕΛΗ  |b 199903  |c ΚΠΣ/ΤΓ  |d EMVASIS 
950 |a 118-1998-03-26 
970 |a Τζαφέρη  |b Ευαγγελία  |z 13/07/1999